La literalidad y otros ensayos sobre el arte.

محفوظ في:
التفاصيل البيبلوغرافية
المؤلف الرئيسي: Zourabichvili, François (autor)
مؤلفون آخرون: Sauvagnargues, Anne (textos presentados), Rodríguez, Pablo Manolo (traducción)
التنسيق: غير معروف
منشور في: Ciudad Autónoma de Buenos Aires, Argentina: Cactus, 2023.
الطبعة:1a ed.
سلاسل:Occursus
الموضوعات:
الوسوم: إضافة وسم
لا توجد وسوم, كن أول من يضع وسما على هذه التسجيلة!

MARC

LEADER 00000 a2200000 4500
003 CL-VaPUC
005 20230801122213.0
008 230714t2023 ||||| |||| 00| 0 eng d
999 |c 441340  |d 441338 
020 |a 978-987-3831-72-0 
040 |c Pontificia Universidad Católica de Valparaíso 
082 |a 701.17 ZOU 2023 
100 |a Zourabichvili, François  |9 883633  |e autor 
245 |a La literalidad y otros ensayos sobre el arte. 
250 |a 1a ed. 
260 |a Ciudad Autónoma de Buenos Aires, Argentina:  |b Cactus,   |c 2023. 
300 |a 255 páginas. 
490 |a Occursus  |n  46. 
583 |k GC  |c 20230714 
650 0 |a Ensayo filosófico  |9 719022 
650 0 |a Filosofía del arte  |9 264951 
650 0 |a Arte  |9 265238 
700 |a Sauvagnargues, Anne  |e textos presentados  |9 883741 
700 |a Rodríguez, Pablo Manolo  |e traducción  |9 883742 
942 |2 ddc  |c BK 
952 |0 0  |1 0  |2 ddc  |4 0  |6 701_170000000000000_ZOU_2023  |7 0  |8 A  |9 590835  |a BIBART  |b BIBART  |d 2023-07-11  |e 135  |g 18500.00  |i 5658039  |o 701.17 ZOU 2023  |p 5658039  |r 2025-03-13  |t 1  |v 18500.00  |w 2023-07-11  |y BK  |k ART